000 00503nam a2200181Ia 4500
003 0100
008 130303s9999 xx 000 0 und d
040 _cARRUPELIB
050 _aBX6121.D351977
100 _aDamsteegt, P. Gerard
245 _aFoundations of the Seventh-Day Adventist Message and Mission
260 _aGrand Rapids, Michigan
260 _bWilliam B. Eerdsmans Publishing Company
260 _C1977
300 _a348p
700 _aUnited States-Religion-19th Century
942 0 0 _01
999 _c28071
_d28071